| 000 | 01798nam a2200349 i 4500 | ||
|---|---|---|---|
| 001 | 991061727874006706 | ||
| 003 | ES-BaIT | ||
| 005 | 20260302073750.0 | ||
| 008 | 251021e202509 fr r 000 1 fre d | ||
| 020 | _a9782749816944 | ||
| 040 |
_aES-BaIT _bcat _erda _cES-BaIT |
||
| 080 | _a840-2"20" | ||
| 100 | 1 |
_aAmi, Caroline _eautor _9168751 |
|
| 245 | 1 | 0 |
_aADN / _cCaroline Ami & Flavie Péan |
| 264 | 1 |
_aParis : _bL'avant-scène théâtre, _cseptembre 2025 |
|
| 300 |
_a91 pàgines ; _c21 cm |
||
| 336 |
_atext _btxt _2rdacontent |
||
| 337 |
_asense mediació _bn _2rdamedia |
||
| 338 |
_avolum _bnc _2rdacarrier |
||
| 490 | 1 |
_aL'Avant-scène théâtre ; _vno 1581 |
|
| 500 | _aP11: D6, H5 i altres | ||
| 500 | _aPublicat com no 1581 (septembre 2025) de la revista L'Avant-scène théâtre | ||
| 500 | _aEstrena Théâtre Michel el 3 d'octubre en 2024 | ||
| 520 | _a"24 décembre 2014, aux États-Unis. À la suite d'un test ADN, Tomas découvre qu'il n'est pas le père de son bébé mais son oncle, alors qu'il n'a jamais eu de frère. Du moins, pas à sa connaissance. Le jour où sa mère est prête à lui faire des révélations, Tomas la retrouve assassinée. Il est immédiatement suspecté du meurtre. Une course folle s'engage dans les rues d'une ville tentaculaire, pour échapper à la police, faire la lumière sur le crime et comprendre les secrets du passé. Un thriller haletant, basé sur des faits réels, dans une mise en scène étourdissante d'audace et créativité"-- Contracoberta | ||
| 650 | 0 |
_aPaternitat _vTextos dramàtics _9166437 |
|
| 650 | 0 |
_aSecrets de família _vTextos dramàtics _9168752 |
|
| 700 | 1 |
_aPéan, Flavie _eautor _9168753 |
|
| 830 |
_aAvant-scène. _pThéâtre _vno 1581 _9168170 |
||
| 908 | _aCDMAE | ||
| 940 | _aCDMAE | ||
| 942 |
_2udc _c1 |
||
| 999 |
_c137170 _d137170 |
||